Identification of rubber polymers in rubber blends (Record no. 60667)

MARC details
000 -LEADER
fixed length control field 00405nam a2200157Ia 4500
100 ## - MAIN ENTRY--AUTHOR NAME
Personal name He W X
245 #0 - TITLE STATEMENT
Title Identification of rubber polymers in rubber blends
260 ## - PUBLICATION, DISTRIBUTION, ETC. (IMPRINT)
Name of publisher Plastics, Rubber and Composites
Year of publication 2011
300 ## - PHYSICAL DESCRIPTION
Number of Pages 497-501
650 ## - SUBJECT ADDED ENTRY--TOPICAL TERM
Topical Term Infrered spectroscopy
650 ## - SUBJECT ADDED ENTRY--TOPICAL TERM
Topical Term Pyrolysis
700 ## - ADDED ENTRY--PERSONAL NAME
Personal name Lu X Y
700 ## - ADDED ENTRY--PERSONAL NAME
Personal name Wu H Z
942 ## - ADDED ENTRY ELEMENTS (KOHA)
Koha item type Journals
Holdings
Withdrawn status Lost status Damaged status Not for loan Home library Current library Shelving location Date acquired Serial Enumeration / chronology Koha item type
      Journals RRII Library RRII Library Rubber technology 05/03/2012 Volume 40, Issue 10 Journals